Films de Jacques Demy par images - Statistiques

Statistiques générales
  • Ce quiz a été pris 61 fois
  • Le résultat moyen est 7 sur 14
Statistiques - réponses
Par images Réponse % Correct
Les Demoiselles de Rochefort
93%
Les Parapluies de Cherbourg
93%
Peau d'âne
91%
Lola
76%
Le Joueur de flûte
57%
La Baie des anges
52%
Une chambre en ville
50%
Lady Oscar
37%
L'Événement le plus important depuis que l'homme a marché sur la Lune
35%
Model Shop
28%
Parking
26%
Trois Places pour le 26
24%
La Naissance du jour
9%
La Table tournante
9%
Aucun quiz correspondant
Distribution des résultats
% des personnes avec chaque résultat
Percentile par nombre de réponses
Votre historique - résultats
Vous n’avez pas pris ce quiz